[Event "Oberliga Nord N 1314"]
[Site "Germany"]
[Date "2014.02.09"]
[Round "6.5"]
[White "Schulz, Karsten"]
[Black "Freitag, Roland"]
[Result "1-0"]
[WhiteElo "2302"]
[BlackElo "2242"]
[PlyCount "79"]
[EventDate "2013.10.13"]
[EventType "team-tourn"]
[EventRounds "9"]
[EventCountry "GER"]
[SourceTitle "EXT 2015"]
[Source "ChessBase"]
[SourceDate "2014.11.20"]
[SourceVersion "1"]
[SourceVersionDate "2014.11.20"]
[SourceQuality "1"]
[WhiteTeam "Schwerin"]
[BlackTeam "Pinneberg"]
[WhiteTeamCountry "GER"]
[BlackTeamCountry "GER"]

1. c4 b6 2. Nc3 Bb7 3. e4 g6 4. Nge2 Bg7 5. g3 f5 6. Bg2 Nf6 7. d3 0-0 8. 0-0 fxe4 9. dxe4 e5 10. Nd5 d6 11. Bg5 Nbd7 12. Qd2 Nc5 13. Nec3 Ne6 14. Be3 Ne8 15. f4 c6 16. Nb4 Qe7 17. Nc2 Nf6 18. f5 gxf5 19. exf5 Nc7 20. Bg5 Rad8 21. Rad1 d5 22. cxd5 cxd5 23. Ne3 e4 24. Nc2 Ba6 25. Rf4 Kh8 26. Kh1 Qf7 27. Nd4 Bd3 28. Nc6 Rde8 29. Nb4 Nh5 30. f6 Bxf6 31. Bxf6+ Nxf6 32. Nxd3 exd3 33. Rdf1 Qg7 34. Qxd3 Ne6 35. Rf5 d4 36. Ne4 Ng4 37. Nd6 Rxf5 38. Qxf5 Re7 39. Nf7+ Kg8 40. Qxg4 1-0

[Event "Oberliga Nord N 1314"]
[Site "Germany"]
[Date "2014.01.19"]
[Round "5.5"]
[White "Mach, Holger"]
[Black "Freitag, Roland"]
[Result "0-1"]
[WhiteElo "2279"]
[BlackElo "2242"]
[PlyCount "90"]
[EventDate "2013.10.13"]
[EventType "team-tourn"]
[EventRounds "9"]
[EventCountry "GER"]
[SourceTitle "EXT 2015"]
[Source "ChessBase"]
[SourceDate "2014.11.20"]
[SourceVersion "1"]
[SourceVersionDate "2014.11.20"]
[SourceQuality "1"]
[WhiteTeam "Hamburg Diogenes"]
[BlackTeam "Pinneberg"]
[WhiteTeamCountry "GER"]
[BlackTeamCountry "GER"]

1. e4 e6 2. d3 d5 3. Nd2 Nf6 4. Ngf3 b6 5. e5 Nfd7 6. g3 Nc6 7. Qe2 g5 8. h3 Bg7 9. c4 Nb4 10. Nb3 dxc4 11. dxc4 Bb7 12. Bg2 Nxe5 13. 0-0 Nxf3+ 14. Bxf3 Bxf3 15. Qxf3 0-0 16. Qg4 h6 17. h4 Nc6 18. hxg5 Ne5 19. Qh5 hxg5 20. Bd2 Qf6 21. Kg2 g4 22. Bf4 Qg6 23. Qxg6 Nxg6 24. Bxc7 Rfc8 25. Bd6 Rxc4 26. Rac1 Rac8 27. Ba3 Ne5 28. Rxc4 Rxc4 29. Rd1 Re4 30. Rd8+ Kh7 31. Nd2 Re1 32. Be7 Bh6 33. Bf6 Nc6 34. Rd6 Kg6 35. Bc3 Ne5 36. Bxe5 Rxe5 37. Nc4 Re4 38. Rc6 Bf8 39. Nd6 Re2 40. b3 Rxa2 41. Nc4 Bc5 42. Ne5+ Kf5 43. Nd3 Bd4 44. Rc7 f6 45. Rh7 Ke4 0-1

[Event "Oberliga Nord N 1314"]
[Site "Germany"]
[Date "2013.12.15"]
[Round "4.5"]
[White "Freitag, Roland"]
[Black "Zimmermann, Martin"]
[Result "1/2-1/2"]
[WhiteElo "2242"]
[BlackElo "2235"]
[PlyCount "44"]
[EventDate "2013.10.13"]
[EventType "team-tourn"]
[EventRounds "9"]
[EventCountry "GER"]
[SourceTitle "EXT 2015"]
[Source "ChessBase"]
[SourceDate "2014.11.20"]
[SourceVersion "1"]
[SourceVersionDate "2014.11.20"]
[SourceQuality "1"]
[WhiteTeam "Pinneberg"]
[BlackTeam "Hamburg SF"]
[WhiteTeamCountry "GER"]
[BlackTeamCountry "GER"]

1. b3 d5 2. Bb2 Nf6 3. e3 e6 4. f4 Nbd7 5. Nf3 Be7 6. Be2 0-0 7. 0-0 Ne8 8. Qe1 Bf6 9. Ne5 Bh4 10. Qd1 Be7 11. c4 c6 12. Na3 Nd6 13. Nc2 f6 14. Nf3 Re8 15. Rc1 Nf8 16. Kh1 Bd7 17. Qe1 a5 18. a3 Nf7 19. Bc3 Bd6 20. Nh4 Qe7 21. Bb2 Nh6 22. Bh5 Rec8 1/2-1/2

[Event "Oberliga Nord N 1314"]
[Site "Germany"]
[Date "2013.11.24"]
[Round "3.5"]
[White "Bente, Bjoern"]
[Black "Freitag, Roland"]
[Result "1-0"]
[WhiteElo "2210"]
[BlackElo "2242"]
[PlyCount "123"]
[EventDate "2013.10.13"]
[EventType "team-tourn"]
[EventRounds "9"]
[EventCountry "GER"]
[SourceTitle "EXT 2015"]
[Source "ChessBase"]
[SourceDate "2014.11.20"]
[SourceVersion "1"]
[SourceVersionDate "2014.11.20"]
[SourceQuality "1"]
[WhiteTeam "Hamburger SK III"]
[BlackTeam "Pinneberg"]
[WhiteTeamCountry "GER"]
[BlackTeamCountry "GER"]

1. e4 e6 2. d4 d5 3. Nc3 Bb4 4. e5 c5 5. a3 Ba5 6. b4 cxd4 7. Qg4 Ne7 8. bxa5 dxc3 9. Qxg7 Rg8 10. Qxh7 Nbc6 11. Nf3 Qxa5 12. Bf4 Bd7 13. Ng5 0-0-0 14. Nxf7 Rdf8 15. Bh6 Rxf7 16. Qxf7 Be8 17. Qxe6+ Bd7 18. Qf7 Bf5 19. Bd3 Bxd3 20. cxd3 c2+ 21. Bd2 Qb5 22. 0-0 Qxd3 23. Bb4 Qe4 24. Qe6+ Kb8 25. f3 Qe3+ 26. Kh1 Qe2 27. Qh3 Nxb4 28. axb4 d4 29. Rae1 Qc4 30. Qd7 d3 31. Qxe7 Rc8 32. Qd6+ Ka8 33. e6 Qc3 34. e7 d2 35. e8Q c1Q 36. Qxc8+ Qxc8 37. Rd1 a5 38. Qxd2 Qxd2 39. Rxd2 a4 40. b5 Qc4 41. Ra1 Ka7 42. Rda2 Kb6 43. Rxa4 Qxb5 44. h4 Qb2 45. Re1 Kc5 46. Ree4 b5 47. Rab4 Qc1+ 48. Kh2 Qh6 49. Rb1 Qd6+ 50. Kh3 Qd7+ 51. Rg4 Qe6 52. Rbb4 Qf5 53. Rbe4 Kb6 54. Kg3 Qc5 55. Rg6+ Ka5 56. Rg5 Qd6+ 57. Kh3 Qd7+ 58. Kh2 Qd6+ 59. Rge5 Qc7 60. h5 Kb6 61. h6 Qc1 62. Rh5 1-0

[Event "Pinneberg-ch"]
[Site "Pinneberg"]
[Date "2011.08.25"]
[Round "2"]
[White "Freitag, Roland"]
[Black "Schroeder, Raymond"]
[Result "1-0"]
[WhiteElo "2250"]
[BlackElo "2001"]
[PlyCount "97"]
[EventDate "2011.08.18"]
[EventType "swiss"]
[EventRounds "7"]
[EventCountry "GER"]
[SourceTitle "CBM 144 Extra"]
[Source "ChessBase"]
[SourceDate "2011.10.28"]
[SourceVersion "1"]
[SourceVersionDate "2011.10.28"]
[SourceQuality "1"]

1. b3 d5 2. Bb2 Nf6 3. e3 c5 4. f4 g6 5. Nf3 Bg7 6. Be2 0-0 7. 0-0 Nc6 8. Qe1 Bf5 9. Na3 Ne4 10. Bxg7 Kxg7 11. d3 Nf6 12. c3 Re8 13. Nc2 e5 14. fxe5 Nxe5 15. Nxe5 Rxe5 16. Qg3 Qe7 17. d4 Bxc2 18. Qxe5 Qxe5 19. dxe5 Nd7 20. Bf3 Nxe5 21. Bxd5 Bd3 22. Rfd1 Rb8 23. Rd2 b5 24. h3 f5 25. Kf2 Rd8 26. Bf3 c4 27. Be2 Re8 28. g3 Re6 29. bxc4 bxc4 30. Rb2 Re7 31. a4 Rd7 32. Rb5 Kf6 33. Rd1 Ke6 34. Rd2 h5 35. h4 Rc7 36. a5 Be4 37. Rd4 Bd3 38. Bf3 Bc2 39. Rbd5 Nd3+ 40. Ke2 Ba4 41. Rd6+ Ke7 42. Rxg6 Nc1+ 43. Kf2 Rc5 44. Rd5 Nd3+ 45. Kg1 Rc7 46. Rxf5 Rb7 47. Bxh5 Be8 48. Rh6 Rb1+ 49. Rf1 1-0

[Event "Pinneberg-ch"]
[Site "Pinneberg"]
[Date "2011.08.18"]
[Round "1"]
[White "Law, Robert"]
[Black "Freitag, Roland"]
[Result "0-1"]
[WhiteElo "1729"]
[BlackElo "2250"]
[PlyCount "90"]
[EventDate "2011.08.18"]
[EventType "swiss"]
[EventRounds "7"]
[EventCountry "GER"]
[SourceTitle "CBM 144 Extra"]
[Source "ChessBase"]
[SourceDate "2011.10.28"]
[SourceVersion "1"]
[SourceVersionDate "2011.10.28"]
[SourceQuality "1"]

1. e4 e6 2. d4 d5 3. Nc3 Bb4 4. a3 Bxc3+ 5. bxc3 dxe4 6. f3 e3 7. Bxe3 Ne7 8. Bd3 Nd7 9. Ne2 b6 10. 0-0 Bb7 11. Bf2 0-0 12. Be4 Qc8 13. Rb1 Re8 14. c4 c6 15. Re1 Nf8 16. c3 Qd7 17. Qa4 Nc8 18. Nc1 Nd6 19. Bd3 Ng6 20. Qb4 Nf4 21. Bf1 Nf5 22. Nd3 Nxd3 23. Bxd3 Ne7 24. Rbd1 Rad8 25. Bh4 Rc8 26. Qa4 Ba8 27. Qc2 Ng6 28. Bg3 Qe7 29. Be4 Qf8 30. Qa4 f5 31. Bd3 Qf7 32. Bd6 c5 33. Qc2 Red8 34. dxc5 bxc5 35. Bg3 h5 36. Be5 Bc6 37. Bg3 h4 38. Bf2 h3 39. Bxc5 hxg2 40. Qf2 Nf4 41. Qe3 g5 42. Bd4 Qh5 43. Be2 Re8 44. Qe5 Re7 45. Bc5 Rh7 0-1

[Event "Oberliga Nord N 0910"]
[Site "Germany"]
[Date "2009.11.29"]
[Round "3.3"]
[White "Freitag, Roland"]
[Black "Ehrke, Michael"]
[Result "1-0"]
[WhiteElo "2259"]
[BlackElo "2226"]
[PlyCount "75"]
[EventDate "2009.10.18"]
[EventType "team-tourn"]
[EventRounds "9"]
[EventCountry "GER"]
[SourceTitle "EXT 2011"]
[Source "ChessBase"]
[SourceDate "2010.11.26"]
[SourceVersion "1"]
[SourceVersionDate "2010.11.26"]
[SourceQuality "1"]
[WhiteTeam "Pinneberg"]
[BlackTeam "Luebeck"]
[WhiteTeamCountry "GER"]
[BlackTeamCountry "GER"]

1. e4 d5 2. Nc3 dxe4 3. Nxe4 Qd5 4. d3 Bf5 5. Ng3 Bg6 6. Be2 c6 7. Bf3 Qd6 8. N1e2 h6 9. b3 e6 10. Bb2 Nf6 11. Nf4 Bh7 12. 0-0 Be7 13. Qe2 0-0 14. a3 Nbd7 15. Rfe1 Rfe8 16. Rad1 e5 17. Nfh5 Nxh5 18. Bxh5 g6 19. Bf3 f5 20. d4 e4 21. Qc4+ Kf8 22. d5 Bg8 23. Bxe4 Bf6 24. Bxf6 Nxf6 25. Qb4 Qe7 26. d6 Qd7 27. Bf3 Rxe1+ 28. Qxe1 Re8 29. Qd2 Kg7 30. c4 c5 31. h4 h5 32. b4 cxb4 33. Qxb4 b6 34. c5 bxc5 35. Qxc5 Rc8 36. Qe5 Re8 37. Qc3 Rc8 38. Qb2 1-0

[Event "Pinneberg-ch"]
[Site "Pinneberg"]
[Date "2009.10.08"]
[Round "7"]
[White "Freitag, Roland"]
[Black "Wulf von Moers, Jens"]
[Result "1-0"]
[WhiteElo "2257"]
[BlackElo "2127"]
[PlyCount "77"]
[EventDate "2009.08.27"]
[EventType "swiss"]
[EventRounds "7"]
[EventCountry "GER"]
[SourceTitle "EXT 2012"]
[Source "ChessBase"]
[SourceDate "2011.11.24"]
[SourceVersion "1"]
[SourceVersionDate "2011.11.24"]
[SourceQuality "1"]

1. e3 g6 2. c4 Bg7 3. Nc3 Nf6 4. Nf3 0-0 5. Be2 c5 6. 0-0 Nc6 7. a3 d5 8. cxd5 Nxd5 9. Qc2 Nxc3 10. bxc3 e5 11. d3 Be6 12. Rb1 b6 13. e4 c4 14. dxc4 Na5 15. c5 bxc5 16. Rb5 a6 17. Rxc5 Nb3 18. Rc6 Nxc1 19. Rxc1 Qa5 20. Ng5 Bd7 21. Rd6 Ba4 22. Qa2 Bh6 23. h4 Bxg5 24. hxg5 Rfd8 25. Rf6 Ra7 26. Bc4 Be8 27. Bd5 Kg7 28. Rf3 Qc5 29. Rb1 Qe7 30. Rg3 a5 31. c4 h6 32. gxh6+ Kxh6 33. Rh3+ Kg7 34. Qd2 g5 35. Qe3 f6 36. Rh1 Bg6 37. Qh3 Rxd5 38. Qh8+ Kf7 39. cxd5 1-0

[Event "Pinneberg-ch"]
[Site "Pinneberg"]
[Date "2009.09.24"]
[Round "5"]
[White "Griwenka, Volker"]
[Black "Freitag, Roland"]
[Result "0-1"]
[WhiteElo "1941"]
[BlackElo "2257"]
[PlyCount "130"]
[EventDate "2009.08.27"]
[EventType "swiss"]
[EventRounds "7"]
[EventCountry "GER"]
[SourceTitle "EXT 2012"]
[Source "ChessBase"]
[SourceDate "2011.11.24"]
[SourceVersion "1"]
[SourceVersionDate "2011.11.24"]
[SourceQuality "1"]

1. e4 c5 2. Nc3 a6 3. g3 b5 4. Bg2 Bb7 5. d3 e6 6. Nf3 Be7 7. 0-0 d6 8. Qe2 Nc6 9. Be3 Nf6 10. h3 Qc7 11. Rad1 0-0 12. Ne1 Nd4 13. Qd2 Rac8 14. Ne2 e5 15. c3 Nxe2+ 16. Qxe2 Rfe8 17. Bg5 Nd7 18. Bxe7 Rxe7 19. Nc2 Rf8 20. Ne3 g6 21. Qg4 Kh8 22. Qh4 f6 23. Rd2 Nb6 24. Qh6 Ree8 25. f4 exf4 26. Rxf4 Qg7 27. Qxg7+ Kxg7 28. h4 Bc8 29. Rf1 a5 30. a3 f5 31. Nd1 fxe4 32. Rxf8 Rxf8 33. Bxe4 d5 34. Bg2 Re8 35. Kf2 d4 36. Bc6 Rf8+ 37. Kg2 b4 38. axb4 axb4 39. cxb4 cxb4 40. Nf2 Rf6 41. Be4 Be6 42. g4 b3 43. Kg3 h6 44. g5 hxg5 45. hxg5 Rf8 46. Bf3 Bd5 47. Ne4 Rf5 48. Bg4 Rf1 49. Bd1 Nd7 50. Nf2 Re1 51. Kf4 Re8 52. Re2 Rf8+ 53. Kg3 Rf3+ 54. Kh4 Rf7 55. Kg3 Bf3 56. Re1 Bxd1 57. Rxd1 Ne5 58. Ra1 Rf3+ 59. Kg2 Re3 60. Ra7+ Kf8 61. Ne4 Nxd3 62. Nf6 Nxb2 63. Nh7+ Ke8 64. Nf6+ Kd8 65. Rd7+ Kc8 0-1

[Event "Pinneberg-ch"]
[Site "Pinneberg"]
[Date "2009.09.18"]
[Round "4"]
[White "Freitag, Roland"]
[Black "Schneider, Klaus Peter"]
[Result "1/2-1/2"]
[WhiteElo "2257"]
[BlackElo "1915"]
[PlyCount "28"]
[EventDate "2009.08.27"]
[EventType "swiss"]
[EventRounds "7"]
[EventCountry "GER"]
[SourceTitle "EXT 2012"]
[Source "ChessBase"]
[SourceDate "2011.11.24"]
[SourceVersion "1"]
[SourceVersionDate "2011.11.24"]
[SourceQuality "1"]

1. e4 e5 2. d4 exd4 3. Nf3 Nc6 4. c3 d5 5. exd5 Qxd5 6. cxd4 Bg4 7. Be2 Bb4+ 8. Nc3 Bxf3 9. Bxf3 Qc4 10. Bxc6+ bxc6 11. Qb3 Qxb3 12. axb3 Ne7 13. 0-0 a5 14. Bf4 Kd7 1/2-1/2

[Event "Pinneberg-ch"]
[Site "Pinneberg"]
[Date "2009.09.03"]
[Round "2"]
[White "Rudolph, Jens Erik"]
[Black "Freitag, Roland"]
[Result "1/2-1/2"]
[WhiteElo "2020"]
[BlackElo "2257"]
[PlyCount "66"]
[EventDate "2009.08.27"]
[EventType "swiss"]
[EventRounds "7"]
[EventCountry "GER"]
[SourceTitle "EXT 2012"]
[Source "ChessBase"]
[SourceDate "2011.11.24"]
[SourceVersion "1"]
[SourceVersionDate "2011.11.24"]
[SourceQuality "1"]

1. d4 e6 2. Nf3 f5 3. g3 b6 4. Bg2 Bb7 5. 0-0 Nf6 6. c4 Be7 7. Nc3 0-0 8. d5 Bb4 9. Bg5 Bxc3 10. bxc3 h6 11. Bxf6 Qxf6 12. Qd4 Qxd4 13. Nxd4 e5 14. Nb5 Na6 15. e4 fxe4 16. Rae1 d6 17. Bxe4 g5 18. Re3 Bc8 19. h4 Bd7 20. hxg5 hxg5 21. Kg2 Kg7 22. Rh1 Rh8 23. Ree1 Bxb5 24. cxb5 Nc5 25. Bc2 Raf8 26. Rxh8 Rxh8 27. c4 Kf6 28. Re3 Kg7 29. Ra3 Ra8 30. Rf3 e4 31. Re3 Re8 32. Ra3 Ra8 33. Re3 Re8 1/2-1/2

[Event "Pinneberg-ch"]
[Site "Pinneberg"]
[Date "2008.10.02"]
[Round "6"]
[White "Freitag, Roland"]
[Black "Hamann, Frank"]
[Result "1-0"]
[WhiteElo "2245"]
[BlackElo "1884"]
[PlyCount "73"]
[EventDate "2008.08.28"]
[EventType "swiss"]
[EventRounds "7"]
[EventCountry "GER"]
[SourceTitle "EXT 2011"]
[Source "ChessBase"]
[SourceDate "2010.11.26"]
[SourceVersion "1"]
[SourceVersionDate "2010.11.26"]
[SourceQuality "1"]

1. g3 g6 2. Bg2 d5 3. d3 Bg7 4. Nf3 c5 5. 0-0 e6 6. Nbd2 Ne7 7. e4 Nbc6 8. Re1 0-0 9. h4 f5 10. exd5 exd5 11. Nb3 b6 12. c3 a5 13. a4 Ra7 14. Bf4 Kh8 15. d4 c4 16. Nbd2 Ng8 17. Ng5 h6 18. Ne6 Bxe6 19. Rxe6 Rf6 20. Rxf6 Nxf6 21. Nxc4 dxc4 22. Bxc6 Nd5 23. Be5 Re7 24. Qd2 Kh7 25. Re1 Rf7 26. f4 Nf6 27. Qe2 Ng4 28. Bxg7 Kxg7 29. Bf3 Qc8 30. Bxg4 fxg4 31. Qe6 Qxe6 32. Rxe6 Rb7 33. Re5 Kf6 34. Kf2 g5 35. fxg5+ hxg5 36. Rxg5 Ke6 37. Ke3 1-0

[Event "Oberliga Nord N 0708"]
[Site "Germany"]
[Date "2008.03.09"]
[Round "7.5"]
[White "David, Torsten"]
[Black "Freitag, Roland"]
[Result "0-1"]
[WhiteElo "2225"]
[BlackElo "2225"]
[PlyCount "98"]
[EventDate "2007.10.21"]
[EventType "team-tourn"]
[EventRounds "9"]
[EventCountry "GER"]
[SourceTitle "EXT 2009"]
[Source "ChessBase"]
[SourceDate "2008.11.26"]
[SourceVersion "1"]
[SourceVersionDate "2008.11.26"]
[SourceQuality "1"]
[WhiteTeam "St Pauli"]
[BlackTeam "Pinneberg"]
[WhiteTeamCountry "GER"]
[BlackTeamCountry "GER"]

1. e4 e6 2. d4 d5 3. Nd2 Nf6 4. e5 Nfd7 5. c3 c5 6. f4 Nc6 7. Ndf3 Qb6 8. g3 cxd4 9. cxd4 Bb4+ 10. Kf2 g5 11. fxg5 Ndxe5 12. Nxe5 Nxe5 13. Be3 Nc4 14. Bxc4 dxc4 15. Nf3 Bd6 16. Qc2 Bd7 17. Bf4 Bxf4 18. gxf4 Bc6 19. Qxc4 Rd8 20. Rhd1 Qxb2+ 21. Kg3 Bxf3 22. Kxf3 0-0 23. Rab1 Qa3+ 24. Rd3 Qa5 25. Rb5 Qe1 26. Qc3 Qh1+ 27. Kg3 b6 28. Rb4 Qg1+ 29. Kh3 Qf2 30. Qd2 Qf1+ 31. Kg3 Qg1+ 32. Kh3 Rc8 33. Rc3 Qh1 34. Rb2 Qe4 35. Rbc2 Rcd8 36. Rd3 Rd5 37. a4 Rfd8 38. Rc4 h6 39. Kg3 hxg5 40. fxg5 e5 41. Qe3 Qf5 42. h4 a6 43. Rd2 Qd7 44. h5 exd4 45. Qf4 d3 46. Rc7 Qe6 47. Rf2 d2 48. Qxf7+ Qxf7 49. Rfxf7 Rxg5+ 0-1

[Event "Oberliga Nord N 0708"]
[Site "Germany"]
[Date "2008.01.20"]
[Round "5.5"]
[White "Freitag, Roland"]
[Black "Lampe, Joerg"]
[Result "1-0"]
[WhiteElo "2225"]
[BlackElo "2235"]
[PlyCount "77"]
[EventDate "2007.10.21"]
[EventType "team-tourn"]
[EventRounds "9"]
[EventCountry "GER"]
[SourceTitle "EXT 2009"]
[Source "ChessBase"]
[SourceDate "2008.11.26"]
[SourceVersion "1"]
[SourceVersionDate "2008.11.26"]
[SourceQuality "1"]
[WhiteTeam "Pinneberg"]
[BlackTeam "Koenigsspringer"]
[WhiteTeamCountry "GER"]
[BlackTeamCountry "GER"]

1. e4 c5 2. Nf3 e6 3. d4 cxd4 4. Nxd4 Nf6 5. Nc3 Nc6 6. Nxc6 bxc6 7. Bd3 e5 8. 0-0 d6 9. Kh1 Be7 10. f4 0-0 11. Qe1 exf4 12. Bxf4 Ng4 13. Rd1 Bf6 14. Be2 Be5 15. Bxe5 Nxe5 16. Qd2 Rb8 17. b3 Qa5 18. Na4 Qxd2 19. Rxd2 Rd8 20. Rfd1 Bg4 21. Bxg4 Nxg4 22. h3 Nf6 23. Rxd6 Rxd6 24. Rxd6 Nxe4 25. Rxc6 f5 26. Nc5 Ng3+ 27. Kg1 Rd8 28. Kf2 f4 29. Ne6 Rd2+ 30. Kf3 Ne2 31. Ke4 Kf7 32. Ke5 Rd7 33. Rc7 Rxc7 34. Nxc7 g5 35. c4 Ng1 36. Ne6 h6 37. Nd4 h5 38. Kf5 f3 39. Nxf3 1-0

[Event "Oberliga Nord N 0708"]
[Site "Germany"]
[Date "2007.12.09"]
[Round "4.5"]
[White "Rieling, Thomas"]
[Black "Freitag, Roland"]
[Result "0-1"]
[WhiteElo "2183"]
[BlackElo "2225"]
[PlyCount "98"]
[EventDate "2007.10.21"]
[EventType "team-tourn"]
[EventRounds "9"]
[EventCountry "GER"]
[SourceTitle "EXT 2009"]
[Source "ChessBase"]
[SourceDate "2008.11.26"]
[SourceVersion "1"]
[SourceVersionDate "2008.11.26"]
[SourceQuality "1"]
[WhiteTeam "Hamburg Diogenes"]
[BlackTeam "Pinneberg"]
[WhiteTeamCountry "GER"]
[BlackTeamCountry "GER"]

1. e4 e6 2. d4 d5 3. Nc3 Bb4 4. Qd3 dxe4 5. Qxe4 Nf6 6. Qh4 Nd5 7. Qxd8+ Kxd8 8. Bd2 Nxc3 9. bxc3 Bd6 10. Bd3 b6 11. Nh3 Bb7 12. 0-0 Nd7 13. a4 a5 14. Ng5 Ke7 15. f4 g6 16. c4 h6 17. Ne4 f5 18. Nxd6 cxd6 19. Rfe1 Rac8 20. c5 dxc5 21. Bc4 Be4 22. d5 exd5 23. Bxd5 Nf6 24. Bc4 Rhd8 25. Bc3 Nd5 26. Be5 Nb4 27. c3 Nc2 28. Rxe4 fxe4 29. Rc1 Ne3 30. Ba6 Ra8 31. Bb7 Ra7 32. Bxe4 Rad7 33. Bf3 Kf7 34. c4 h5 35. h3 Kf8 36. Kf2 Nf5 37. Rb1 Rd2+ 38. Ke1 Nh4 39. Bd5 Ra2 40. Rxb6 Nxg2+ 41. Bxg2 Rxg2 42. Bd6+ Kf7 43. Bxc5 Rd3 44. Bf2 Rxh3 45. Rb7+ Ke6 46. Rb6+ Kf5 47. Kf1 Rg4 48. Rb5+ Ke4 49. c5 Rc3 0-1

[Event "Pinneberg-ch"]
[Site "Pinneberg"]
[Date "2007.09.06"]
[Round "2"]
[White "Joehnk, Christian"]
[Black "Freitag, Roland"]
[Result "0-1"]
[WhiteElo "2031"]
[BlackElo "2267"]
[PlyCount "36"]
[EventDate "2007.08.30"]
[EventType "swiss"]
[EventRounds "7"]
[EventCountry "GER"]
[SourceTitle "CBM 120 Extra"]
[Source "ChessBase"]
[SourceDate "2007.11.01"]
[SourceVersion "1"]
[SourceVersionDate "2007.11.01"]
[SourceQuality "1"]

1. d4 e6 2. Nf3 b6 3. Bf4 Bb7 4. Nbd2 f5 5. e3 Nf6 6. Bd3 Be7 7. Qe2 0-0 8. e4 fxe4 9. Nxe4 Nxe4 10. Bxe4 d5 11. Bd3 Rxf4 12. Qxe6+ Kh8 13. Ne5 Bb4+ 14. c3 Qe7 15. Qh3 Rh4 16. Qf5 Bd6 17. 0-0 Bxe5 18. dxe5 Nd7 0-1

[Event "Pinneberg-ch"]
[Site "Pinneberg"]
[Date "2007.08.30"]
[Round "1"]
[White "Freitag, Roland"]
[Black "Schmidt, Karl Heinz"]
[Result "1/2-1/2"]
[WhiteElo "2267"]
[BlackElo "1770"]
[PlyCount "27"]
[EventDate "2007.08.30"]
[EventType "swiss"]
[EventRounds "7"]
[EventCountry "GER"]
[SourceTitle "CBM 120 Extra"]
[Source "ChessBase"]
[SourceDate "2007.11.01"]
[SourceVersion "1"]
[SourceVersionDate "2007.11.01"]
[SourceQuality "1"]

1. e4 e5 2. d4 exd4 3. Nf3 Bc5 4. Bc4 Nf6 5. Nbd2 d5 6. exd5 Qe7+ 7. Kf1 b6 8. Nb3 Bb7 9. Bg5 Nbd7 10. Qd3 0-0 11. h3 Ne5 12. Nxe5 Qxe5 13. Nxc5 bxc5 14. Bh4 1/2-1/2

[Event "Oberliga Nord N 0607"]
[Site "Germany"]
[Date "2006.11.19"]
[Round "3.4"]
[White "Freitag, Roland"]
[Black "Hagenstein, Frank"]
[Result "1-0"]
[WhiteElo "2236"]
[BlackElo "2193"]
[PlyCount "121"]
[EventDate "2006.10.15"]
[EventType "team-tourn"]
[EventRounds "9"]
[EventCountry "GER"]
[SourceTitle "EXT 2019"]
[Source "ChessBase"]
[SourceDate "2018.10.10"]
[SourceVersion "1"]
[SourceVersionDate "2018.10.10"]
[SourceQuality "1"]
[WhiteTeam "Pinneberg"]
[BlackTeam "Neumuenster Agon"]
[WhiteTeamCountry "GER"]
[BlackTeamCountry "GER"]

1. g3 d5 2. Bg2 Nf6 3. d3 c6 4. Nd2 g6 5. e4 Bg7 6. Ngf3 0-0 7. 0-0 Bg4 8. h3 Bxf3 9. Qxf3 e6 10. Re1 Nbd7 11. Qe2 Nc5 12. e5 Nfd7 13. Nf3 a5 14. h4 f6 15. exf6 Qxf6 16. d4 Ne4 17. Bf4 Qe7 18. Rad1 Rae8 19. Ne5 Nxe5 20. dxe5 Nc5 21. Bd2 Qc7 22. f4 Rf7 23. Kh2 Bf8 24. Be3 Na4 25. c3 Bc5 26. Bc1 b5 27. Bh3 Nb6 28. b3 a4 29. Rf1 b4 30. cxb4 Bxb4 31. h5 Rg7 32. Be3 axb3 33. axb3 Nd7 34. Rc1 Qb7 35. Rc2 c5 36. Ra1 d4 37. h6 Rge7 38. Bg2 Qb8 39. Ra8 Qb6 40. Ra6 Qb8 41. Bf2 Bc3 42. Qc4 Qb4 43. Bf1 Kf7 44. g4 Rb8 45. Bh4 Qxb3 46. Qxb3 Rxb3 47. Bxe7 Kxe7 48. Rxe6+ Kxe6 49. Bc4+ Ke7 50. Bxb3 Nb6 51. Ra2 c4 52. Ra7+ Kf8 53. Bd1 d3 54. e6 Bb2 55. Bf3 Bf6 56. g5 Be7 57. f5 Bd6+ 58. Kh3 gxf5 59. g6 hxg6 60. h7 Be5 61. Bc6 1-0

[Event "Oberliga Nord N 0607"]
[Site "Germany"]
[Date "2006.10.29"]
[Round "2.4"]
[White "Pust, Erich"]
[Black "Freitag, Roland"]
[Result "0-1"]
[WhiteElo "2103"]
[BlackElo "2236"]
[PlyCount "104"]
[EventDate "2006.10.15"]
[EventType "team-tourn"]
[EventRounds "9"]
[EventCountry "GER"]
[SourceTitle "EXT 2019"]
[Source "ChessBase"]
[SourceDate "2018.10.10"]
[SourceVersion "1"]
[SourceVersionDate "2018.10.10"]
[SourceQuality "1"]
[WhiteTeam "Mettenhof"]
[BlackTeam "Pinneberg"]
[WhiteTeamCountry "GER"]
[BlackTeamCountry "GER"]

1. d4 b6 2. c4 Bb7 3. Nc3 e6 4. e4 Bb4 5. Bd3 f5 6. d5 fxe4 7. Bxe4 Nf6 8. Bg5 0-0 9. Nge2 Qe8 10. Bf3 Bxc3+ 11. bxc3 e5 12. Ng3 d6 13. Bxf6 Rxf6 14. Ne4 Rh6 15. h4 Qe7 16. h5 Nd7 17. g4 Rf6 18. Nxf6+ Qxf6 19. Be4 Qf4 20. Qf3 Rf8 21. Qxf4 Rxf4 22. Bf5 Nc5 23. Ke2 Rxc4 24. Rh3 Bxd5 25. Rg3 Rf4 26. Bc2 a5 27. Rag1 Bxa2 28. Rf3 Ne6 29. Rxf4 Nxf4+ 30. Ke3 Bf7 31. Ba4 Kf8 32. Bc6 Ke7 33. Ke4 Ne2 34. Re1 Nxc3+ 35. Kd3 Nd5 36. Bxd5 Bxd5 37. f4 e4+ 38. Kd4 Bb7 39. Rb1 a4 40. g5 Ke6 41. Ke3 Bd5 42. Rg1 a3 43. g6 h6 44. f5+ Kxf5 45. Rf1+ Ke5 46. Kd2 Bc4 47. Rf8 Kd4 48. Kc2 a2 49. Kb2 e3 50. Rf7 e2 51. Re7 Bd3 52. Kxa2 Be4 0-1

[Event "Pinneberg-ch"]
[Site "Pinneberg"]
[Date "2006.09.28"]
[Round "7.1"]
[White "Putzbach, Gerd"]
[Black "Freitag, Roland"]
[Result "0-1"]
[WhiteElo "2268"]
[BlackElo "2267"]
[PlyCount "58"]
[EventDate "2006.08.22"]
[EventType "swiss"]
[EventRounds "7"]
[EventCountry "GER"]
[SourceTitle "EXT 2007"]
[Source "ChessBase"]
[SourceDate "2006.11.23"]
[SourceVersion "1"]
[SourceVersionDate "2006.11.23"]
[SourceQuality "1"]

1. e4 e6 2. d4 d5 3. Nd2 Nf6 4. e5 Nfd7 5. f4 c5 6. c3 Nc6 7. Ndf3 Qb6 8. h4 cxd4 9. cxd4 Bb4+ 10. Kf2 f6 11. Be3 Be7 12. Qd2 0-0 13. g4 Bb4 14. Qd3 fxe5 15. fxe5 Ndxe5 16. dxe5 d4 17. Bc1 Nxe5 18. Qe4 Bd6 19. Kg2 Bd7 20. Nxe5 Bxe5 21. Bc4 Bc6 22. Bxe6+ Kh8 23. Bd5 Qb5 24. Qxe5 Bxd5+ 25. Kh2 Rae8 26. Qxd4 Qc6 27. Bh6 Qd6+ 28. Kh3 Bg2+ 29. Kxg2 Qxd4 0-1